LEADER 01577nam a2200337 u 4500 001 000000054363 003 CaOOAMICUS 005 20070226115650.0 008 001211s1995 it u000 u ita u 020 $a8816403659 035 $a10863493 040 $aPUL(R)$bita$dPUL(R) 100 1 $aPonzio, Augusto,$d1942-$0(OLS)http://pul/name/38566 245 10$aResponsabilità e alterità in Emmanuel Lévinas /$cAugusto Ponzio. 260 $aMilano :$bJaca Book,$c1995. 300 $a165 p. ;$c23 cm 490 1 $aDi fronte e attraverso.$aFilosofia ;$v365 504 $aBibliografia in nota. 600 14$aLévinas, Emmanuel,$d1906-1995.$0(OLS)http://pul/subject/4989 650 4$aFilosofia.$0(OLS)http://pul/subject/362 830 0$aDi fronte e attraverso.$pFilosofia ;$v365.$0(OLS)http://pul/title/8614 850 $aPUL 852 $aPUL$W1$xDP1 Fondo Giannini$y60$m1557 B 29$j71625$nBK-PRI$b $qFondi$B71625$CPULBib$Z2$F71625 $H $81 852 $aPUL$W1$xSL Filosofia 2$y80$mPhil A25 365$j71626$nBK-PRI$b $qStampati altre collocazioni$B71626$CPULBib$Z2$F71626 $H $81 852 $aPUL$W1$xDP1 Fondo Dalla Palma$y117$m3 A 76$j157696$qFondi$B195005$CPULBib$Z2$F195005 $HDal2864 $81 941 1 $a1 941 1 $a10 961 $aINV: 79031 996 $6020$a8816403659$9(OLS)http://pul/number/68468 996 $6245$aResponsabilità e alterità in Emmanuel Lévinas$9(OLS)http://pul/title/72900 996 $6260$aMilano :$bJaca Book$9(OLS)http://pul/publisher/47900 LEADER 00868naa a2200217 u 4500 001 000000103228 003 CaOOAMICUS 005 20070226130215.0 008 061102s1966 gw u000 u ger u 035 $a11105168 040 $aIAR$bita 100 1 $aTheiler, Willy,$d1899-$0(OLS)http://pul/name/21838 245 14$aDie Sprache des Geistes in der Antike /$cWilly Theiler. 260 $aBerlin :$bWalter de Gruyter,$c1966. 300 $ap. 302-312 ;$c25 cm 500 $aIAR: CFA.49 500 $aErstveröffentlichung: Sprachgeschichte und Wortbedeutung. FS Albert Debrunner, Bern 1954. 773 0 $aForschungen zum Neuplatonismus. 773 0 $aTheiler, Willy.$tForschungen zum Neuplatonismus$gBd. 10$w()26550 996 $6245$aDie Sprache des Geistes in der Antike$9(OLS)http://pul/title/130135 996 $6260$aBerlin :$bWalter de Gruyter$9(OLS)http://pul/publisher/48231